000 00690nam a22002177a 4500
999 _c15089
_d15089
003 AR-CdUCM
008 190425b ||||| |||| 00| 0 spa d
020 _a978-607-618-0174
040 _aMUNICIPALIDAD PROVINCIAL DEL CUSCO
_cBIBLIOTECA MUNICIPAL DEL CUSCO
082 _aPI / 376.1 /
_bW68
110 _aSilver dolphin
_933031
245 _aAventura Animal :
_bOceano /
260 _aMexico :
_bSilver dolphin,
_c2013.
300 _bIlustraciones, graficos, rompecabezas
_c30 cm.
500 _aCuaderno de trabajo didactico para niños
650 _aDidactico
_927859
650 _aRompecabezas
_933171
650 _aNiños
_99390
942 _2ddc
_cLIBROS
945 _apjha
_d2019-04-25